| 000 | 00627nam a2200157 a 4500 | ||
|---|---|---|---|
| 001 | 000017063 | ||
| 005 | 20200929165019.0 | ||
| 008 | 100317s1991 dr 000 0 spa d | ||
| 040 |
_aDO-SdBNP _bspa _cBNPHU |
||
| 082 |
_axxx _bC733p |
||
| 110 | 1 |
_aComisión Dominicana Permanente para la Celebración del Quinto Centenario del Descubrimiento y Evangelización de América _937646 |
|
| 245 | 1 | 0 | _aPrograma de eventos del 1992 en la República Dominicana con motivo del quinto centenario del descubrimiento y evangelización de américa. |
| 260 |
_aSanto Domingo : _bTaller, _c1991. |
||
| 300 |
_a96 p. ; _c24 cm. |
||
| 049 | _aBNPD | ||
| 999 |
_c16589 _d16589 |
||